00222nam a2200097Ia 4500100002100000654001200021245003500033260003600068300000800104546001200112 aWagener& Arthur  amachine aTheory & Practice Machine Shop bAffilated East West Pressc2001 a306 aENGLISH